00814naa a2200145 i 450000100060000000300090000600500170001500800410003204000290007310001480010224501310025077302570038194200130063899900170065110411KOSZ 00520180421114922.0180316s2008 pl ||||f |||| 00| 0 pol d aKOSZ 005/HRcKOSZ 005/HR1 aZARĘBSKI, Patrycjusz.d2000 - .bPolitechnika Koszalińska - Instytut Ekonomii i Zarządzania,cZakład Polityki Ekonomicznej i Regionalnej10aPoziom rozwoju gospodarczego a jakość życia w wybranych gminach wiejskich Pomorza Środkowego /cPatrycjusz Zarębski.0 iW :tPomorze Środkowe - społeczeństwo, wieś, gospodarka : wybrane problemy / [red. nauk. Danuta Zawadzka]. -dKoszalin : Polskie Towarzystwo Ekonomiczne. Oddział : Fundacja Nauka dla Środowiska. Politechnika Koszalińska, 2008. -gs. 109-126 2UKDcROZ c10411d10411